[Event "Novokuznetsk Old Stager op"]
[Site "Novokuznetsk"]
[Date "2015.02.14"]
[Round "8"]
[White "Sorokina, Tamara"]
[Black "Martjushov, Vasily"]
[Result "1/2-1/2"]
[WhiteElo "2076"]
[BlackElo "2019"]
[PlyCount "21"]
[EventDate "2015.01.10"]
[EventType "swiss"]
[EventRounds "9"]
[EventCountry "RUS"]
[SourceTitle "EXT 2018"]
[Source "ChessBase"]
[SourceDate "2017.10.13"]
[SourceVersion "1"]
[SourceVersionDate "2017.10.13"]
[SourceQuality "1"]

1. Nf3 d5 2. c4 d4 3. g3 Nc6 4. Bg2 Nf6 5. d3 h6 6. 0-0 Bf5 7. a3 a5 8. Qa4 Bd7 9. Qc2 g6 10. e3 dxe3 11. fxe3 1/2-1/2

[Event "Novokuznetsk Old Stager op"]
[Site "Novokuznetsk"]
[Date "2015.01.25"]
[Round "5"]
[White "Martjushov, Vasily"]
[Black "Leonov, Aleksandr"]
[Result "1/2-1/2"]
[WhiteElo "2019"]
[BlackElo "2088"]
[PlyCount "40"]
[EventDate "2015.01.10"]
[EventType "swiss"]
[EventRounds "9"]
[EventCountry "RUS"]
[SourceTitle "EXT 2018"]
[Source "ChessBase"]
[SourceDate "2017.10.13"]
[SourceVersion "1"]
[SourceVersionDate "2017.10.13"]
[SourceQuality "1"]

1. e4 e5 2. Nf3 Nc6 3. Bb5 a6 4. Ba4 Bc5 5. c3 b5 6. Bb3 d6 7. h3 Nf6 8. d4 exd4 9. cxd4 Bb4+ 10. Bd2 Bxd2+ 11. Nbxd2 0-0 12. 0-0 Ne7 13. Re1 c5 14. d5 Ng6 15. a4 Bd7 16. axb5 axb5 17. Rxa8 Qxa8 18. Qa1 Qb7 19. Bc2 Ra8 20. Qb1 Qa7 1/2-1/2

[Event "Novokuznetsk-ch"]
[Site "Novokuznetsk"]
[Date "2014.11.29"]
[Round "4"]
[White "Churakov, Danil"]
[Black "Martjushov, Vasily"]
[Result "0-1"]
[WhiteElo "1571"]
[BlackElo "2032"]
[PlyCount "154"]
[EventDate "2014.11.16"]
[EventType "swiss"]
[EventRounds "9"]
[EventCountry "RUS"]
[SourceTitle "EXT 2016"]
[Source "ChessBase"]
[SourceDate "2015.10.08"]
[SourceVersion "1"]
[SourceVersionDate "2015.10.08"]
[SourceQuality "1"]

1. e4 e6 2. Nf3 d5 3. exd5 exd5 4. d4 Nf6 5. Bd3 Be7 6. 0-0 0-0 7. h3 Ne4 8. Re1 f5 9. Bf4 Nd7 10. c3 c5 11. Nbd2 c4 12. Bc2 b5 13. Ne5 Nxe5 14. Bxe5 Bh4 15. Nxe4 fxe4 16. Re2 Qb6 17. a3 Bg5 18. Re1 Qh6 19. Qe2 Bd7 20. Bd1 g6 21. Rf1 Rf7 22. f3 Raf8 23. Qe1 Bh4 24. Bg3 Bg5 25. Be5 a5 26. Kh2 a4 27. Be2 Bxh3 28. gxh3 exf3 29. Bd1 f2 30. Qe2 Rf3 31. Qxf3 Rxf3 32. Bxf3 Bf4+ 33. Bxf4 Qxf4+ 34. Kg2 Qg5+ 35. Kh1 Qf5 36. Kg2 Qg5+ 37. Kxf2 Qd2+ 38. Kg1 Kg7 39. Rab1 Qg5+ 40. Bg2 h5 41. Kh2 h4 42. Rf2 Qg3+ 43. Kg1 Qe3 44. Rbf1 Kh6 45. Kh1 b4 46. axb4 a3 47. b5 a2 48. Rf6 Qd3 49. Ra1 Qb1+ 50. Rf1 Qxb2 51. b6 Qxc3 52. b7 Qb3 53. Rxa2 Qxb7 54. Ra5 c3 55. Rc1 Qb2 56. Raa1 c2 57. Bxd5 Qxd4 58. Bg2 Qb2 59. Be4 Qc3 60. Bg2 Qb2 61. Be4 Qc3 62. Bg2 Qb2 63. Rg1 Qc3 64. Rac1 g5 65. Rge1 Qd2 66. Rf1 Kg7 67. Rce1 g4 68. hxg4 Kg6 69. Kh2 Qd6+ 70. Kh1 Kg5 71. Rf2 Qd1 72. Rff1 Qd3 73. Bf3 h3 74. Kh2 Kh4 75. Kg1 Kg3 76. Rf2 Qd4 77. Ref1 c1Q 0-1

[Event "Novokuznetsk Kustov op"]
[Site "Novokuznetsk"]
[Date "2014.10.05"]
[Round "3"]
[White "Martjushov, Vasily"]
[Black "Alimov, Alexander"]
[Result "1/2-1/2"]
[WhiteElo "2036"]
[BlackElo "1943"]
[PlyCount "60"]
[EventDate "2014.09.28"]
[EventType "swiss"]
[EventRounds "9"]
[EventCountry "RUS"]
[SourceTitle "EXT 2018"]
[Source "ChessBase"]
[SourceDate "2017.10.13"]
[SourceVersion "1"]
[SourceVersionDate "2017.10.13"]
[SourceQuality "1"]

1. d4 f5 2. c4 Nf6 3. Nc3 g6 4. g3 Bg7 5. Bg2 d6 6. Nf3 0-0 7. e3 Qe8 8. Qb3 c6 9. c5+ Qf7 10. Qa3 Ne4 11. cxd6 exd6 12. 0-0 h6 13. Nd2 d5 14. Ndxe4 dxe4 15. Bd2 Be6 16. b3 Na6 17. Na4 Rfe8 18. Nc5 Nxc5 19. Qxc5 Bf8 20. Qc2 Rac8 21. Qb2 Bd5 22. Rfc1 Bd6 23. Rf1 Rc7 24. b4 a6 25. a3 Bc4 26. Rfc1 b5 27. Rc3 Bd5 28. Rac1 g5 29. Re1 Qg6 30. Qc1 Kh7 1/2-1/2

[Event "Sibiria Region-ch Seniors"]
[Site "Prokopevsk"]
[Date "2012.03.20"]
[Round "9"]
[White "Martjushov, Vasily"]
[Black "Ponomarenko, Anatoliy"]
[Result "1-0"]
[WhiteElo "2043"]
[BlackElo "1850"]
[PlyCount "59"]
[EventDate "2012.03.12"]
[EventType "swiss"]
[EventRounds "9"]
[EventCountry "RUS"]
[SourceTitle "EXT 2013"]
[Source "ChessBase"]
[SourceDate "2012.11.22"]
[SourceVersion "1"]
[SourceVersionDate "2012.11.22"]
[SourceQuality "1"]

1. d4 Nf6 2. c4 d6 3. Nc3 Nbd7 4. e4 e5 5. d5 Be7 6. Bd3 c6 7. h3 h6 8. Be3 Nh7 9. g3 Bg5 10. f4 exf4 11. gxf4 Bh4+ 12. Kd2 Bf6 13. Nge2 cxd5 14. cxd5 a6 15. Qg1 b5 16. a3 Nhf8 17. Nd4 Nc5 18. Bc2 Bd7 19. Re1 Ng6 20. Kc1 Na4 21. Nxa4 bxa4 22. e5 dxe5 23. Ne6 Qc8 24. Kb1 Ne7 25. Nxg7+ Kf8 26. Nh5 Rg8 27. Qf2 Bh8 28. fxe5 Nxd5 29. Bxh6+ Ke8 30. Nf6+ 1-0

[Event "Novokuznetsk Spring op"]
[Site "Novokuznetsk"]
[Date "2012.??.??"]
[Round "8"]
[White "Martjushov, Vasily"]
[Black "Bogachev, Alexandr"]
[Result "1-0"]
[WhiteElo "2043"]
[BlackElo "2053"]
[PlyCount "131"]
[EventDate "2012.04.04"]
[EventType "swiss"]
[EventRounds "9"]
[EventCountry "RUS"]
[SourceTitle "CBM 148 Extra"]
[Source "ChessBase"]
[SourceDate "2012.06.22"]
[SourceVersion "1"]
[SourceVersionDate "2012.06.22"]
[SourceQuality "1"]

1. e4 g6 2. d4 Bg7 3. c3 c6 4. Bd3 d5 5. e5 f6 6. f4 Nh6 7. Nf3 0-0 8. Be3 a5 9. Nbd2 Ng4 10. Bg1 a4 11. h3 Nh6 12. g4 Qb6 13. Qc2 f5 14. g5 Nf7 15. h4 Nd8 16. h5 Ne6 17. hxg6 hxg6 18. Be3 c5 19. Rh4 cxd4 20. Nxd4 Nxd4 21. Bxd4 Qa5 22. 0-0-0 Nc6 23. Nf3 Bd7 24. Rdh1 Nxd4 25. Nxd4 e6 26. Qh2 Kf7 27. Rh7 Rh8 28. Qd2 Rhc8 29. a3 Qc5 30. Kb1 b5 31. Nc2 Rh8 32. Rxh8 Bxh8 33. Rh7+ Bg7 34. Qh2 Rg8 35. Nd4 Qb6 36. Be2 Be8 37. Qg2 Bd7 38. Qf1 b4 39. axb4 a3 40. bxa3 Ra8 41. Qh3 Rg8 42. Kb2 Kf8 43. Qe3 Qb8 44. Nb3 Rh8 45. Qc5+ Kg8 46. Rxg7+ Kxg7 47. Qe7+ Kg8 48. Qxd7 Rh2 49. Qxe6+ Kg7 50. Qf6+ Kh7 51. Qf7+ Kh8 52. Nd4 Qa8 53. Kb3 Rh3 54. Qc7 Re3 55. Bb5 Qg8 56. Bd7 Qf7 57. Qd8+ Kh7 58. Be6 Qg7 59. Bxd5 Rg3 60. Ne6 Qf7 61. Nf8+ Qxf8 62. Qxf8 Rxc3+ 63. Ka4 Rxa3+ 64. Kb5 Ra5+ 65. Kc4 Rxd5 66. Qh6+ 1-0

[Event "Novokuznetsk Spring op"]
[Site "Novokuznetsk"]
[Date "2012.??.??"]
[Round "3"]
[White "Storchak, Vitalij"]
[Black "Martjushov, Vasily"]
[Result "1/2-1/2"]
[WhiteElo "2119"]
[BlackElo "2043"]
[PlyCount "34"]
[EventDate "2012.04.04"]
[EventType "swiss"]
[EventRounds "9"]
[EventCountry "RUS"]
[SourceTitle "CBM 148 Extra"]
[Source "ChessBase"]
[SourceDate "2012.06.22"]
[SourceVersion "1"]
[SourceVersionDate "2012.06.22"]
[SourceQuality "1"]

1. c4 e5 2. g3 Nf6 3. Bg2 Be7 4. e4 d6 5. Ne2 c5 6. Nbc3 Nc6 7. d3 a6 8. 0-0 Bd7 9. b3 h6 10. f4 Nd4 11. fxe5 dxe5 12. Nxd4 cxd4 13. Nd5 Nxd5 14. exd5 0-0 15. Qe1 Bd6 16. c5 Bxc5 17. Qxe5 f6 1/2-1/2

[Event "Abaza op"]
[Site "Abaza"]
[Date "2008.07.20"]
[Round "7"]
[White "Vorobyova, Alyona"]
[Black "Martjushov, Vasily"]
[Result "0-1"]
[WhiteElo "1839"]
[BlackElo "2138"]
[PlyCount "90"]
[EventDate "2008.07.20"]
[EventType "swiss"]
[EventRounds "9"]
[EventCountry "RUS"]
[SourceTitle "EXT 2022"]
[Source "ChessBase"]
[SourceDate "2021.10.06"]
[SourceVersion "1"]
[SourceVersionDate "2021.10.06"]
[SourceQuality "1"]

1. e4 e5 2. Nf3 Nc6 3. d4 exd4 4. Nxd4 Qf6 5. Nxc6 Qxc6 6. Nc3 Bb4 7. Qf3 Bxc3+ 8. Qxc3 Qxe4+ 9. Be3 Nf6 10. 0-0-0 0-0 11. Bd3 Qa4 12. Bc4 Qc6 13. Qd3 a6 14. h4 b5 15. Bb3 a5 16. a3 a4 17. Ba2 Ba6 18. Qf5 b4 19. axb4 Be2 20. Rd2 Qxg2 21. Re1 Bg4 22. Qe5 a3 23. Qxc7 axb2+ 24. Kxb2 Rfc8 25. Qf4 Rab8 26. Rd6 Be6 27. Bxe6 dxe6 28. Red1 Nd5 29. R6xd5 exd5 30. Rd2 Qg6 31. c3 Qc6 32. Bd4 Ra8 33. Qg3 f6 34. h5 Qa6 35. Kc2 Qa2+ 36. Kd3 Qb1+ 37. Ke2 Qe4+ 38. Qe3 Qg4+ 39. Qf3 Re8+ 40. Be3 Qc4+ 41. Ke1 Ra1+ 42. Rd1 Qxc3+ 43. Kf1 d4 44. Qd5+ Kh8 45. Qxd4 Qxd4 0-1